The surrogacy (regulation) act, 2021 a critical analysis (Record no. 532889)
[ view plain ]
| 000 -LEADER | |
|---|---|
| fixed length control field | 01015nam a22001337a 4500 |
| 008 - FIXED-LENGTH DATA ELEMENTS--GENERAL INFORMATION | |
| fixed length control field | 260330b ||||| |||| 00| 0 eng d |
| 100 ## - MAIN ENTRY--PERSONAL NAME | |
| Personal name | Ahamd, Mir Farooq |
| 245 ## - TITLE STATEMENT | |
| Title | The surrogacy (regulation) act, 2021 a critical analysis |
| 260 ## - PUBLICATION, DISTRIBUTION, ETC. (IMPRINT) | |
| Place of publication, distribution, etc | Journal of the Indian Law Institute |
| 300 ## - PHYSICAL DESCRIPTION | |
| Extent | 67(1), Jan-Mar, 2025: p.1-17 |
| 520 ## - SUMMARY, ETC. | |
| Summary, etc | The word “surrogate”, having roots in Latin “subrogare”, means “appointed to act in the place of.” The intended parent(s) is the individual or a couple who intend to rear the child after its birth.1 Surrogacy2 is an assisted reproduction procedure that makes a childless couple possible to have a child through a surrogate mother who agrees to bear a child for them. This was initially considered a welcome breakthrough. – Reproduced http://14.139.60.116:8080/jspui/bitstream/123456789/48452/1/03_The%20Surrogacy%20%28Regulation%29%20Act%2c%202021-%20A%20Critical%20Analysis.pdf |
| 773 ## - HOST ITEM ENTRY | |
| Main entry heading | Journal of the Indian Law Institute |
| 942 ## - ADDED ENTRY ELEMENTS (KOHA) | |
| Item type | Articles |
| Withdrawn status | Lost status | Source of classification or shelving scheme | Damaged status | Not for loan | Permanent location | Current location | Date acquired | Serial Enumeration / chronology | Barcode | Date last seen | Koha item type |
|---|---|---|---|---|---|---|---|---|---|---|---|
| Indian Institute of Public Administration | Indian Institute of Public Administration | 2026-03-30 | 67(1), Jan-Mar, 2025: p.1-1 | AR138407 | 2026-03-30 | Articles |
